LIBRARY & INFORMATION CENTRE, KCAET, TAVANUR

ONLINE PUBLIC ACCESS CATALOGUE (OPAC)

Testing,commissioning,operation and maintenance of electrical equipments / (Record no. 10339)

MARC details
000 -LEADER
fixed length control field 00398cam a2200145ua 4500
003 - CONTROL NUMBER IDENTIFIER
control field OSt
008 - FIXED-LENGTH DATA ELEMENTS--GENERAL INFORMATION
fixed length control field 241224b |||||||| |||| 00| 0 eng d
041 ## - LANGUAGE CODE
Language code of text/sound track or separate title eng
082 ## - DEWEY DECIMAL CLASSIFICATION NUMBER
Classification number 621.317
Item number RAO/TE
100 ## - MAIN ENTRY--AUTHOR NAME
Personal name Rao, S .
245 ## - TITLE STATEMENT
Title Testing,commissioning,operation and maintenance of electrical equipments /
260 ## - PUBLICATION, DISTRIBUTION, ETC. (IMPRINT)
Place of publication Delhi :
Name of publisher Khanna publishers ,
Year of publication 1996.
300 ## - PHYSICAL DESCRIPTION
Number of Pages 1364 ; .
942 ## - ADDED ENTRY ELEMENTS (KOHA)
Koha item type Books
Holdings
Withdrawn status Lost status Damaged status Home library Current library Date acquired Full call number Accession Number Koha item type
      KAUAET KAUAET 07/04/2012 621.317 RAO/TE 19426 Books
free website counter